[Event "Karl Wagner mem 5th"]
[Site "Graz"]
[Date "1998.09.13"]
[Round "9.18"]
[White "Velickovic, Zoran"]
[Black "Ganaus, Hannes"]
[Result "1-0"]
[WhiteElo "2290"]
[BlackElo "2225"]

1.Nf3 d5 2.g3 c6 3.c4 Nf6 4.Bg2 Bf5 5.cxd5 cxd5 6.Qb3 Bc8 7.Nc3 Nc6 8.d3 e6
9.O-O Be7 10.e4 O-O 11.e5 Nd7 12.d4 Qb6 13.Qd1 f6 14.exf6 Nxf6 15.Re1 Bd7
16.Bh3 Rae8 17.Bxe6+ Bxe6 18.Rxe6 Qd8 19.Re1 Qd7 20.Bf4 h6 21.Kg2 Nh5 22.Be5 Bd8
23.Re3 Qf7 24.Qe2 Bb6 25.Rf1 Rd8 26.h3 a6 27.b3 Rd7 28.Qd3 Ne7 29.g4 Nf4+
30.Bxf4 Qxf4 31.Rxe7 Rxe7 32.Nxd5 Qd6 33.Nxe7+ Qxe7 34.d5 Rd8 35.Rd1 Qc5
36.Qe2 Kh7 37.Rd2 Bc7 38.Qe4+ Kh8 39.d6 Rxd6 40.Rxd6 Qxd6 41.Qxb7 a5 42.Qe4 Kg8
43.Qd4 Qe7 44.Qd5+ Kh8 45.h4 Qf6 46.Qf5 Qxf5 47.gxf5 Kg8 48.Nd2 Kf7 49.Ne4 Bd8
50.h5 Ke8 51.Kf3 Kd7 52.Ke3 Kc6 53.Kd4 Kb5 54.Kc3 Be7 55.a4+ Kc6 56.Kc4 Bd8
57.Kd4 Bc7 58.f3 Bd8 59.Ke5 Bc7+ 60.Ke6 Bb6 61.f6  1-0

[Event "Politiken zt"]
[Site "Munkebo"]
[Date "1998.09.13"]
[Round "2.1"]
[White "Gausel, Einar"]
[Black "Hector, Jonny"]
[Result "1-0"]
[WhiteElo "2540"]
[BlackElo "2510"]

1.Nf3 d5 2.g3 c6 3.Bg2 Bg4 4.c4 e6 5.cxd5 exd5 6.O-O Nd7 7.d3 Bc5 8.Nc3 Ne7
9.Qb3 a5 10.Bg5 f6 11.Bd2 O-O 12.Na4 Bd6 13.Qxb7 Rb8 14.Qa7 Ra8 15.Qd4 h5
16.Qc3 c5 17.e4 d4 18.Qc2 Ng6 19.Rae1 Qc7 20.e5 Ndxe5 21.Nxe5 fxe5 22.Bxa8 Rxa8
23.f3 Be6 24.b3 Bd5 25.Bg5 Rf8 26.Re4 h4 27.gxh4 Nf4 28.Bxf4 Bxe4 29.fxe4 Rxf4
30.Rxf4 exf4 31.Qe2 f3 32.Qxf3 Bxh2+ 33.Kg2 Bd6 34.Nb2 a4 35.bxa4 Be7 36.Qg4 Qa5
37.Qe6+ Kh8 38.Nc4 Qe1 39.Qc8+ Kh7 40.Qf5+ Kg8 41.Qf3 Qxh4 42.a5 Qg5+ 43.Qg3 Qh5
44.Qb8+ Kh7 45.Qh2 Bh4 46.Ne5 g5 47.a6 Qe2+ 48.Kh3 Bf2 49.Qh1 c4 50.dxc4 d3
51.Qf3 Qxf3+ 52.Nxf3 Kg7 53.Kg4 Kf6 54.e5+ Kg6 55.Nd2 Ba7 56.Ne4 Bd4 57.e6 Be3
58.Kf3 Bd4 59.Nxg5 Kf6 60.c5  1-0

[Event "CRO-chT"]
[Site "Porec"]
[Date "1998.09.13"]
[Round "7"]
[White "Dizdar, Goran"]
[Black "Dabo Peranic, Robert"]
[Result "1-0"]
[WhiteElo "2570"]
[BlackElo "2195"]

1.Nf3 d5 2.g3 g6 3.Bg2 Bg7 4.d4 Nf6 5.c4 c6 6.b3 O-O 7.O-O a5 8.Nc3 Ne4 9.Bb2 Bf5
10.Rc1 Nxc3 11.Bxc3 Be4 12.e3 e6 13.Re1 Qf6 14.Ne5 Bxg2 15.Kxg2 Qd8 16.Nd3 Nd7
17.a4 Re8 18.Qc2 Qb8 19.Rb1 Qa7 20.Ba1 Rac8 21.Rec1 Qb8 22.Qd2 Qa7 23.Rc2 Qa6
24.Rbc1 dxc4 25.bxc4 b6 26.c5 e5 27.dxe5 Rcd8 28.Qe2 bxc5 29.f4 c4 30.Nb2 Nb6
31.Nxc4 Nxa4 32.Nd6 Qxe2+ 33.Rxe2 Re6 34.Rxc6 Bf8 35.Ra2 Bxd6 36.exd6 Re4
37.Bf6  1-0

[Event "CRO-chT"]
[Site "Porec"]
[Date "1998.09.13"]
[Round "7"]
[White "Dizdarevic, Emir"]
[Black "Zaja, Ivan"]
[Result "1-0"]
[WhiteElo "2530"]
[BlackElo "2445"]

1.Nf3 d5 2.g3 Bg4 3.Ne5 Bf5 4.c4 Nd7 5.d4 Nxe5 6.dxe5 dxc4 7.Qa4+ c6 8.Qxc4 Be6
9.Qb4 Qd5 10.Rg1 Qc4 11.Qxc4 Bxc4 12.Nd2 Ba6 13.Ne4 e6 14.Be3 Bb4+ 15.Bd2 Bxd2+
16.Kxd2 Rd8+ 17.Kc2 Rd5 18.f4 f6 19.Nd6+ Ke7 20.e4 Rc5+ 21.Kd2 Bxf1 22.Rgxf1 a5
23.Rac1 Rxc1 24.Rxc1 Nh6 25.Nxb7 Rb8 26.Nxa5 Rxb2+ 27.Rc2 Rxc2+ 28.Kxc2 Ng4
29.exf6+ gxf6 30.e5 fxe5 31.Nxc6+ Kd6 32.Nxe5 Nxh2 33.Kd3 Nf1 34.g4 Ng3 35.Ke3 Kd5
36.Nd7  1-0

[Event "ESP-chT"]
[Site "Salamanca"]
[Date "1998.09.13"]
[Round "9"]
[White "Ferran Biosca, Robert"]
[Black "Gonzalez Perez, Lutgarda"]
[Result "1/2-1/2"]
[WhiteElo "2145"]
[BlackElo "2205"]

1.Nf3 d5 2.g3 Nf6 3.Bg2 Bf5 4.c4 c6 5.b3 e6 6.Bb2 Nbd7 7.O-O Be7 8.d3 h6
9.Nbd2 O-O 10.Re1 Bh7 11.d4 dxc4 12.Nxc4 Bb4 13.Rf1 Nd5 14.Rc1 a5 15.Nfe5 Nxe5
16.Nxe5 Qe7 17.Nc4 Rfd8 18.a3 Bd6 19.e4 Nc7 20.e5 Bc5 21.Qg4 Ba7 22.Nd6 Ne8
23.Ne4 Rd7 24.Rcd1 Bf5 25.Qf4 Rad8 26.Rd2 c5 27.d5 Bxe4 28.d6 Qg5 29.Qxg5 hxg5
30.Bxe4 f6 31.f4 gxf4 32.gxf4 c4+ 33.Kg2 cxb3 34.Rf3 a4 35.Rc3 f5 36.Bf3 Kf7
37.Rc4 b5 38.Rc6 Be3 39.Rd3 Bxf4 40.Rb6 g5 41.Rxb5 g4 42.Bc6 Ra7 43.Rd4 Bh6
44.Rxa4 Rxa4 45.Rb7+ Kg6 46.Bxa4 Nxd6 47.exd6 Rxd6 48.Rxb3 Rd2+ 49.Kg3 Re2
50.Be8+ Kh7 51.Rb7+ Kg8 52.Bf7+ Kf8 53.Bd4 Be3 54.Bf6 Bf2+ 55.Kg2 Bh4+ 56.Kf1 Rxh2
57.Bxh4 Rxh4 58.Bxe6 Rh6 59.Bb3 Rh3 60.a4 f4 61.Bd5 Rd3 62.a5 Rxd5 63.a6 Ra5
64.a7 Ra1+ 65.Ke2 Ra2+ 66.Kd3 Ra3+ 67.Ke4  1/2-1/2

[Event "CRO-chT"]
[Site "Porec"]
[Date "1998.09.15"]
[Round "9"]
[White "Kogan, Artur"]
[Black "Lalic, Bogdan"]
[Result "1/2-1/2"]
[WhiteElo "2485"]
[BlackElo "2560"]

1.Nf3 d5 2.g3 Bg4 3.Bg2 Nd7 4.c4 c6 5.cxd5 cxd5 6.Qb3 Nc5 7.Qb4 Bxf3 8.Bxf3 e6
9.Qb5+ Qd7 10.Nc3 Nf6 11.d3  1/2-1/2

[Event "CRO-chT"]
[Site "Porec"]
[Date "1998.09.15"]
[Round "9"]
[White "Poljak, Srebrenka"]
[Black "Macek, Vlasta"]
[Result "1/2-1/2"]
[WhiteElo "2040"]
[BlackElo "2225"]

1.Nf3 d5 2.g3 c6 3.Bg2 Bg4 4.O-O Nf6 5.d3 e6 6.h3 Bxf3 7.Bxf3 Nbd7 8.Bg2 Bc5
9.c4 O-O 10.Bd2 a5 11.Nc3 Rb8 12.cxd5 Nxd5 13.e3 N7f6 14.d4 Be7 15.Nxd5 exd5
16.a3 Ne8 17.b4 axb4 18.Bxb4 Bxb4 19.axb4 Nd6 20.Qc2 Qd7 21.Ra2 g6 22.Rfa1 Rfc8
23.Qb3 b5 24.Kh2 Nc4 25.h4 Rc7 26.Bf1 Kg7 27.Bd3 Qe7 28.Qb1 Rbb7 29.e4 dxe4
30.Bxe4 Qf6 31.d5 cxd5 32.Bxd5 Rb6 33.Kg2 Rd6 34.Ba8 Rcd7 35.Qe4 Nb6 36.Qf3 Nxa8
37.Qxf6+ Rxf6 38.Rxa8 Rd2 39.Rf1 Rb2 40.Rb8 Rxb4 41.f4 h6 42.Rd1 Rf5 43.Rd3 g5
44.hxg5 hxg5 45.fxg5 Rg4  1/2-1/2

[Event "Intercoop tt 14th"]
[Site "Buenos Aires"]
[Date "1998.09.20"]
[Round "6"]
[White "Grushka, Carlos"]
[Black "Adad, Carlos"]
[Result "1-0"]
[WhiteElo "2235"]
[BlackElo "2200"]

1.Nf3 d5 2.g3 Nf6 3.Bg2 e6 4.O-O Be7 5.c4 O-O 6.d4 b6 7.Ne5 Bb7 8.Nc3 c5
9.dxc5 bxc5 10.cxd5 Nxd5 11.Qb3 Qc7 12.Nxd5 exd5 13.Bxd5 Bxd5 14.Qxd5 Na6
15.Nxf7 Bf6 16.Nd8+ Kh8 17.Qxa8  1-0

[Event "Szeged TT09 IM"]
[Site "Szeged"]
[Date "1998.09.23"]
[Round "7"]
[White "Fang, Joseph"]
[Black "Nagy Dani, Karoly"]
[Result "1-0"]
[WhiteElo "2315"]
[BlackElo "2050"]

1.Nf3 d5 2.g3 c5 3.Bg2 Nc6 4.O-O Nf6 5.d3 g6 6.c3 Bg7 7.Qa4 O-O 8.Qh4 Qd6
9.Na3 a6 10.e4 dxe4 11.dxe4 Ne5 12.Bf4 Nxf3+ 13.Bxf3 e5 14.Nc4 Qe6 15.Nxe5 Nxe4
16.Bxe4 Bxe5 17.Bxe5 Qxe5 18.Rfe1 Qc7 19.Bd5 Qb6 20.Re7 Qxb2 21.Qf6  1-0

[Event "Elista ol (Men)"]
[Site "Elista"]
[Date "1998.09.30"]
[Round "2"]
[White "Hergott, Deen"]
[Black "Brynell, Stellan"]
[Result "1/2-1/2"]
[WhiteElo "2370"]
[BlackElo "2485"]

1.Nf3 d5 2.g3 Nc6 3.Bg2 e5 4.d3 Nf6 5.O-O Be7 6.c3 a5 7.Nbd2 O-O 8.Qc2 h6
9.e4 dxe4 10.dxe4 Be6 11.Rd1 Qb8 12.Nf1 Rd8 13.Rxd8+ Qxd8 14.b3 Bc5 15.Be3 Qe7
16.Rd1 Bxe3 17.Nxe3  1/2-1/2

[Event "Elista ol (Men)"]
[Site "Elista"]
[Date "1998.10.03"]
[Round "5"]
[White "Freyre, Jorge"]
[Black "Nickoloff, Bryon"]
[Result "0-1"]
[WhiteElo "2215"]
[BlackElo "2410"]

1.Nf3 d5 2.g3 Nf6 3.Bg2 c6 4.d3 Bf5 5.b3 e6 6.Bb2 h6 7.O-O Be7 8.Nbd2 O-O
9.e3 a5 10.Qe2 a4 11.a3 axb3 12.cxb3 Nbd7 13.e4 Bh7 14.exd5 exd5 15.d4 Re8
16.Ne5 Bd6 17.f4 Nb6 18.h3 Bc7 19.Kh2 Nc8 20.Rfc1 Nd6 21.b4 Nfe4 22.Nxe4 Nxe4
23.Qh5 Re7 24.a4 f6 25.Ng6 Re6 26.Nh4 Qd6 27.Nf5 Qxb4 28.Ba3 Qd2 29.Ne7+ Rxe7
30.Bxe7 Nxg3 31.Qd1 Qxf4 32.Kg1 Qe3+  0-1

[Event "Elista ol (Men)"]
[Site "Elista"]
[Date "1998.10.03"]
[Round "5"]
[White "Vaganian, Rafael A"]
[Black "Dutreeuw, Marc"]
[Result "1-0"]
[WhiteElo "2630"]
[BlackElo "2400"]

1.Nf3 d5 2.g3 Bg4 3.Bg2 c6 4.d3 Nd7 5.O-O Ngf6 6.Nbd2 e5 7.e4 dxe4 8.dxe4 h6
9.b3 Bb4 10.Bb2 O-O 11.c3 Be7 12.Qc2 Qc7 13.Nc4 Rfd8 14.Ne3 Be6 15.c4 Ne8
16.a3 a5 17.Bc3 Bc5 18.Nf5 Bf8 19.Ne3 Bc5 20.Rfe1 a4 21.bxa4 b6 22.Bb4 Ra7
23.Nd1 Qd6 24.Nb2 f6 25.Red1 Qe7 26.Qb3 Rda8 27.Nh4 Qf7 28.Nf5 Ra6 29.Rd2 Kh7
30.Rad1 g6 31.Qf3 R8a7 32.a5 bxa5 33.Bxc5 Nxc5 34.Qe3 Qf8 35.Nd6 Nd7 36.c5 Rc7
37.Bf1 Raa7 38.Bc4 Ng7 39.f4 Bxc4 40.Nbxc4 Ne6 41.fxe5 Nxe5 42.Nxe5 fxe5
43.Rf1 Qe7 44.Rdf2 Qg5 45.Qb3 Nxc5 46.Qb8 Qe3 47.Kh1 Ne6 48.Ne8  1-0

[Event "Elista ol (Men)"]
[Site "Elista"]
[Date "1998.10.03"]
[Round "5"]
[White "Nikolaidis, Ioannis"]
[Black "Abdulla, Al Rakib"]
[Result "1-0"]
[WhiteElo "2530"]
[BlackElo "2350"]

1.Nf3 d5 2.g3 c6 3.Bg2 Bg4 4.O-O Nd7 5.d3 Ngf6 6.Nbd2 e6 7.b3 Bd6 8.Bb2 O-O
9.Qe1 Re8 10.h3 Bh5 11.e4 e5 12.a3 a5 13.Nh4 dxe4 14.dxe4 a4 15.b4 b5 16.f4 exf4
17.gxf4 Rc8 18.e5 Bf8 19.Qg3 Nd5 20.Kh1 Ne3 21.Qxe3 Qxh4 22.c4 bxc4 23.Nxc4 Bg4
24.Qe1 Qxe1 25.Rfxe1 Be6 26.Rac1 c5 27.b5 Bxc4 28.Rxc4 Nb6 29.Rc2 g6 30.f5 gxf5
31.Rg1 Bg7 32.e6 fxe6 33.Bxg7 Kxg7 34.Bc6+ Kf6 35.Bxe8 Rxe8 36.Rxc5 e5 37.Rc6+ Re6
38.Rgc1  1-0

[Event "Budapest FS10 GM"]
[Site "Budapest"]
[Date "1998.10.04"]
[Round "2"]
[White "Berkovich, Mark A"]
[Black "Hoffmann, Michael"]
[Result "1/2-1/2"]
[WhiteElo "2400"]
[BlackElo "2440"]

1.g3 d5 2.Nf3 Nf6 3.Bg2 e6 4.O-O Be7 5.b3 c5 6.c4 Nc6 7.cxd5 exd5 8.d4 Ne4
9.Bb2 Bf6 10.Nc3 Nxd4 11.Nxd4 Bxd4 12.Qc2 Bxc3 13.Bxc3 O-O 14.Bxe4 dxe4 15.Qxe4  1/2-1/2

[Event "Elista ol (Men)"]
[Site "Elista"]
[Date "1998.10.04"]
[Round "6"]
[White "Kunte, Abhijit"]
[Black "Gonzalez Garcia, Jose"]
[Result "1/2-1/2"]
[WhiteElo "2505"]
[BlackElo "2445"]

1.Nf3 d5 2.g3 Bg4 3.Bg2 Nf6 4.c4 Bxf3 5.Bxf3 c6 6.Qb3 Qb6 7.Qc2 e6 8.cxd5 exd5
9.O-O Bd6 10.Nc3 O-O 11.Na4 Qc7 12.d4 Nbd7 13.Rb1 a5 14.a3 Rfe8 15.Nc5 Nxc5
16.dxc5 Be5 17.b4 axb4 18.axb4 Qe7 19.Rd1 h6 20.b5 Qe6 21.Kg2  1/2-1/2

[Event "Elista ol (Men)"]
[Site "Elista"]
[Date "1998.10.04"]
[Round "6"]
[White "Damljanovic, Branko"]
[Black "Lalic, Bogdan"]
[Result "1/2-1/2"]
[WhiteElo "2555"]
[BlackElo "2560"]

1.Nf3 d5 2.g3 Bg4 3.Bg2 Nd7 4.O-O e6 5.d3 Bd6 6.c4 Ngf6 7.Be3 c6 8.Qb3 Qb8
9.Nc3 O-O 10.Rfd1 h6 11.Rac1 Bf5 12.a3 Re8 13.h3 Bh7 14.d4 a5 15.Bd2 a4 16.Qa2 b5
17.cxb5 cxb5 18.Be1 Rc8 19.e3 Rc7 20.Bf1 Rb7 21.Bd3 Bxd3 22.Rxd3 Qe8 23.Qb1 b4
24.axb4 Rxb4 25.Qc2 Rc8 26.Qe2 Nb6 27.Rc2 Rbc4 28.Nd2 R4c7 29.Ndb1 Ne4 30.Rd1 Rc4
31.Rdc1 Qc6 32.Kg2 e5 33.Qg4 exd4 34.exd4 Bb4 35.Qd1 Qg6 36.Qd3 Nd6 37.Qxg6 fxg6
38.Rd1 Nf5 39.Re2 Nxd4 40.Re5 Bd6 41.Re3 Nf5 42.Red3 d4 43.Nb5 Be5 44.N1a3 Rc1
45.Kf3 Nd7 46.Bb4 Bf6 47.Rxc1 Rxc1 48.Ke4 Ne5 49.Rd2 Nc6 50.Bd6 Na5 51.Rc2 Rxc2
52.Nxc2 d3 53.Kxd3 Nxd6 54.Nxd6 Bxb2 55.Nc4 Nxc4 56.Kxc4 Kf7 57.Kb4 Ke6 58.Kxa4 Kd5
59.Kb3 Be5 60.Ne1 Bd4 61.f3 Bf2 62.Ng2 Kd4 63.Kc2 Bxg3 64.Kd2 g5 65.Ke2 g6
66.Kd2 h5 67.Ke2  1/2-1/2

[Event "Elista ol (Men)"]
[Site "Elista"]
[Date "1998.10.04"]
[Round "6"]
[White "Baumegger, Siegfried"]
[Black "Brynell, Stellan"]
[Result "0-1"]
[WhiteElo "2360"]
[BlackElo "2485"]

1.Nf3 d5 2.g3 Nc6 3.Bg2 e5 4.O-O Nf6 5.c4 d4 6.d3 a5 7.Na3 Be7 8.Nc2 O-O
9.a3 Re8 10.Rb1 a4 11.b4 axb3 12.Rxb3 h6 13.Rb5 Bf8 14.Nd2 Ra7 15.f4 exf4
16.Rxf4 Bd6 17.Rf1 Qe7 18.Ne4 Nxe4 19.Bxe4 Bd7 20.e3 Ne5 21.Rxe5 Bxe5 22.exd4 Bf6
23.d5 Ra6 24.Qf3 Be5 25.Qh5 b5 26.Nb4 Rf6 27.Re1 Qc5+ 28.Kh1 Qf2 29.Qd1 Bc3
30.Rg1 Bd4  0-1

[Event "Elista ol (Men)"]
[Site "Elista"]
[Date "1998.10.04"]
[Round "6"]
[White "Markowski, Tomasz"]
[Black "Stanojoski, Zvonko"]
[Result "1-0"]
[WhiteElo "2525"]
[BlackElo "2475"]

1.g3 d5 2.Nf3 Bg4 3.Bg2 Nd7 4.c4 e6 5.cxd5 exd5 6.O-O c6 7.d3 Bd6 8.h3 Bh5
9.Nc3 Ne7 10.e4 Nc5 11.exd5 cxd5 12.d4 Ne6 13.Qa4+ Kf8 14.Be3 f6 15.Qb3 Nc7
16.Rac1 Bf7 17.Rfe1 Rb8 18.Na4 b6 19.Bd2 g5 20.Bb4 Kg7 21.Nc3 a6 22.Nd1 Ne6
23.Ne3 Bxb4 24.Qxb4 a5 25.Qxe7 Qxe7 26.Nf5+ Kf8 27.Nxe7 Kxe7 28.h4 Kd6 29.hxg5 Nxg5
30.Nxg5 fxg5 31.Rc3 Be6 32.Re5 Rhg8 33.Bf1 Bd7 34.Rf3 Rg6 35.Bd3 Rh6 36.Rf7 Rh8
37.Rxg5 Be6 38.Rb7 Rc8 39.Rxb6+ Ke7 40.Re5 Rc1+ 41.Kg2 Kf7 42.Bf5  1-0

[Event "Budapest FS10 IM-B"]
[Site "Budapest"]
[Date "1998.10.05"]
[Round "3"]
[White "Zalkind, Karmi"]
[Black "Ippolito, Dean"]
[Result "1/2-1/2"]
[WhiteElo "2265"]
[BlackElo "2430"]

1.Nf3 d5 2.g3 Bg4 3.Bg2 Nd7 4.d3 c6 5.O-O Ngf6 6.Qe1 e5 7.e4 dxe4 8.dxe4 Be7
9.Nbd2 O-O 10.b3 Ne8 11.Bb2 f6 12.Nc4 Be6 13.Qe2 Nd6 14.Nxd6 Bxd6 15.Nh4 Re8
16.Nf5 Bf8 17.Kh1 Qc7 18.Ne3 Bf7 19.f4 exf4 20.gxf4 Nc5 21.e5 fxe5 22.fxe5 Kh8
23.Qg4 Rad8 24.Qh4 Bg6 25.Rae1 Qe7 26.Qc4 Ne6  1/2-1/2

[Event "Elista ol (Men)"]
[Site "Elista"]
[Date "1998.10.05"]
[Round "7"]
[White "Minasian, Artashes"]
[Black "Luther, Thomas"]
[Result "1/2-1/2"]
[WhiteElo "2620"]
[BlackElo "2560"]

1.Nf3 d5 2.g3 Nf6 3.Bg2 e6 4.c4 dxc4 5.Qa4+ c6 6.Qxc4 b5 7.Qc2 Bb7 8.O-O Nbd7
9.b3 Rc8 10.Bb2 Be7 11.d3 O-O 12.Nbd2 Qb6 13.e4 c5 14.Rab1 Rfd8 15.a3 Nb8  1/2-1/2

[Event "Elista ol (Men)"]
[Site "Elista"]
[Date "1998.10.06"]
[Round "8"]
[White "Markowski, Tomasz"]
[Black "O'Connell, Gerard"]
[Result "1-0"]
[WhiteElo "2525"]
[BlackElo "2180"]

1.g3 d5 2.Nf3 Nf6 3.Bg2 e6 4.c4 c6 5.Qc2 Be7 6.O-O O-O 7.b3 Nbd7 8.Bb2 b6
9.d3 Bb7 10.e4 c5 11.cxd5 exd5 12.Nbd2 dxe4 13.dxe4 Qc7 14.Rfe1 Rae8 15.Nd4 Bd8
16.Nb5 Qb8 17.Nc4 Bc7 18.Rad1 Bc6 19.Nxc7 Qxc7 20.f3 Re7 21.a4 Rd8 22.Qd2 Rb8
23.Bh3 b5 24.axb5 Rxb5 25.Qc3 Qb8 26.Re3 Nf8 27.Rd6 Re6 28.Bxe6 Nxe6 29.Rxc6 Nd4
30.Rd6 Rxb3 31.Qa5  1-0

[Event "Budapest FS10 IM-B"]
[Site "Budapest"]
[Date "1998.10.09"]
[Round "7"]
[White "Zalkind, Karmi"]
[Black "Dudas, Janos"]
[Result "1/2-1/2"]
[WhiteElo "2265"]
[BlackElo "2340"]

1.Nf3 d5 2.g3 c6 3.Bg2 Bg4 4.b3 Nd7 5.Bb2 Qc7 6.O-O e5 7.c4 Ngf6 8.d4 e4
9.Ne5 Be6 10.Nc3 Rd8 11.Qc1 a6 12.f4 exf3 13.Bxf3 Bd6 14.Nxd7 Rxd7 15.e4 dxe4
16.Nxe4 Nxe4 17.Bxe4 O-O 18.Qc2 g6 19.Rae1 Bh3 20.Bg2 Bxg2 21.Qxg2 Bb4 22.Re2 Re7
23.Ref2 Rfe8 24.Kh1 Qd7 25.Qf3 f5 26.a3 Re1 27.Kg2 R1e3 28.Qd1 Bc3 29.Bxc3 Rxc3
30.Re2 Rxe2+ 31.Qxe2 Rxb3 32.Qe5 b5 33.Qb8+ Kg7 34.Qe5+ Kg8 35.Qb8+  1/2-1/2

[Event "Elista ol (Men)"]
[Site "Elista"]
[Date "1998.10.09"]
[Round "10"]
[White "Bogdanovski, Vlatko"]
[Black "Sorokin, Maxim"]
[Result "1/2-1/2"]
[WhiteElo "2515"]
[BlackElo "2570"]

1.Nf3 d5 2.g3 c6 3.Bg2 Bg4 4.O-O Nd7 5.d4 e6 6.Nbd2 Ngf6 7.Re1 Be7 8.e4 dxe4
9.Nxe4 O-O 10.c3 a5 11.Qb3 Nxe4 12.Rxe4 Bxf3 13.Bxf3 Qb6 14.Qc2 a4 15.a3 Rfd8
16.Be3 Qa5 17.c4 Nf6 18.Rh4 Rd7 19.Rd1 g6 20.Qc1 Qd8 21.Bg5 Ra5 22.c5 Ra8
23.Qf4 Ne8 24.Bxe7 Qxe7 25.Qh6 Nf6 26.g4 Qf8 27.Qxf8+ Rxf8 28.g5 Nd5 29.Rd3 Ne7
30.d5 exd5  1/2-1/2

[Event "Elista ol (Men)"]
[Site "Elista"]
[Date "1998.10.09"]
[Round "10"]
[White "Irzhanov, Ruslan"]
[Black "Gunnarsson, Jon Viktor"]
[Result "1/2-1/2"]
[WhiteElo "2535"]
[BlackElo "2445"]

1.Nf3 d5 2.g3 Nf6 3.Bg2 c6 4.O-O Bg4 5.d4 Nbd7 6.Nbd2 e6 7.Re1 Be7 8.e4 dxe4
9.Nxe4 Nxe4 10.Rxe4 Nf6 11.Re1 O-O 12.c4 Rc8 13.Be3 b5 14.b3 bxc4 15.bxc4 c5
16.dxc5 Qxd1 17.Raxd1 Bxc5 18.Rc1 Bxe3 19.Rxe3 Bxf3 20.Bxf3 Rc5 21.Ra3 a5
22.Be2 Rb8 23.Rb3 Rxb3 24.axb3 Kf8 25.Rd1 Ke7 26.Bf3 Nd7 27.Kf1 Rc8 28.Ra1 Nc5
29.Bd1 Rb8 30.Rxa5 Nxb3 31.Ra7+ Kf6 32.Bxb3 Rxb3 33.Ke2 Rb2+ 34.Ke3 Rb3+
35.Kd2 Rb2+ 36.Ke3  1/2-1/2

[Event "Elista ol (Men)"]
[Site "Elista"]
[Date "1998.10.09"]
[Round "10"]
[White "Dizdarevic, Emir"]
[Black "Kulaots, Kaido"]
[Result "1/2-1/2"]
[WhiteElo "2530"]
[BlackElo "2445"]

1.Nf3 d5 2.g3 c5 3.Bg2 g6 4.c4 d4 5.b4 cxb4 6.a3 bxa3 7.Ne5 Bg7 8.Qa4+ Nd7
9.Nxd7 Bxd7 10.Qxa3 Bc6 11.Bxc6+ bxc6 12.d3 Nf6 13.Nd2 O-O 14.O-O e5 15.Qa4 Qc7
16.Nb3 Nd7 17.Bd2 Rfb8 18.Rab1 Bf8 19.Na5 c5 20.Rb5 a6 21.Rbb1 Bd6 22.Qc6 Qxc6
23.Nxc6 Rxb1 24.Rxb1 Rc8 25.Ne7+ Bxe7 26.Rb7 Kf8 27.Rxd7 Ra8 28.Ba5 Ke8 29.Rb7 Bd6
30.f3 Rb8 31.Ra7 Rb1+ 32.Kf2 Ra1 33.Bb6 h5 34.h4 Ra2 35.Bc7 Bxc7 36.Rxc7 Ra5
37.g4 hxg4 38.fxg4 f5 39.h5 gxh5 40.gxf5 h4 41.Kf3 h3 42.Rh7 Ra2 43.Rxh3 e4+
44.Kxe4 Rxe2+ 45.Kd5 Re3 46.Rh5 Rxd3 47.Kxc5 Ke7 48.f6+ Kxf6 49.Kd6 Rc3 50.c5 a5
51.Rh4 d3 52.Rf4+ Kg5 53.Rd4 Kf5 54.c6 Rb3 55.c7 Rc3 56.Rd5+ Ke4  1/2-1/2

[Event "NRW Sportland Cup Masters"]
[Site "Senden"]
[Date "1998.10.09"]
[Round "2"]
[White "Konietzka, Lutz"]
[Black "Stoeckmann, Helmut"]
[Result "0-1"]
[WhiteElo "2125"]
[BlackElo "2240"]

1.g3 d5 2.Nf3 c5 3.Bg2 Nf6 4.O-O Nc6 5.c4 d4 6.d3 e5 7.e3 Be7 8.exd4 exd4
9.Bf4 O-O 10.Ne5 Nxe5 11.Bxe5 Bd6 12.Bxf6 Qxf6 13.Nd2 Rb8 14.Ne4 Qg6 15.Re1 Bd7
16.Nxd6 Qxd6 17.Qh5 Rfe8 18.Bd5 Re7 19.Re4 g6 20.Qf3 Bf5 21.Rf4 h5 22.h3 Rf8
23.Kg2 Kg7 24.g4 Bxd3 25.gxh5 gxh5 26.Rg1 Bg6 27.Kh1 b5 28.b3 Qe5 29.Be4 Re6
30.Bxg6 Rxg6 31.Rxg6+ Kxg6 32.Re4 Qf5 33.Rf4 Qg5 34.cxb5 Kg7  0-1

[Event "NRW Sportland Cup Masters"]
[Site "Senden"]
[Date "1998.10.09"]
[Round "2"]
[White "Espig, Lutz"]
[Black "Sazanova, Yulia"]
[Result "1-0"]
[WhiteElo "2440"]
[BlackElo "2000"]

1.Nf3 d5 2.g3 e6 3.Bg2 f5 4.O-O Nf6 5.c4 c6 6.b3 Nbd7 7.Bb2 Bd6 8.d4 Ne4
9.Ne1 Qf6 10.Nd3 h5 11.f3 Nxg3 12.hxg3 Bxg3 13.f4 Qh4 14.Rf3 Qh2+ 15.Kf1 h4
16.Rxg3 Qxg3 17.Qe1 Qg6 18.Bh3 Nf6 19.Nd2 Ng4 20.e3 Nh2+ 21.Ke2 Qh5+ 22.Kf2 Rh6
23.Kg2 Ng4 24.Nf3 Bd7 25.Ba3 Rg6 26.Ng5 Rxg5 27.fxg5 Qxg5 28.Bxg4 Qxg4+ 29.Kh2  1-0

[Event "Elista ol (Men)"]
[Site "Elista"]
[Date "1998.10.10"]
[Round "11"]
[White "El Ghazali, Youssef M"]
[Black "Dao Thien Hai"]
[Result "1/2-1/2"]
[WhiteElo "2335"]
[BlackElo "2580"]

1.Nf3 d5 2.g3 c6 3.Bg2 Bg4 4.c4 e6 5.cxd5 exd5 6.O-O Nd7 7.d4 Bd6 8.Nc3 Ngf6
9.Qc2 O-O 10.h3 Bxf3 11.exf3 Re8 12.Qd3 a5 13.Bd2 Nb6 14.b3 a4 15.Rab1 Nfd7
16.f4 axb3 17.axb3 Nb8 18.Na4 Na6 19.Rfe1 Rxe1+ 20.Bxe1 Nb4 21.Qd1 Nd7 22.Bf1 b5
23.Nb2 Qb6 24.Nd3 Nxd3 25.Bxd3 g6 26.Ra1 Re8 27.Bc2 Bf8 28.Ba5 Qb7 29.Bd2 Bg7
30.Be3 c5 31.Rb1 Qc6 32.dxc5 Nxc5 33.Bxc5 Qxc5 34.b4 Qb6 35.Bb3 Rd8 36.Qf3 Qd4
37.Rd1 Qc3 38.Rd3 Qe1+ 39.Kg2 d4 40.Qb7 Qe8 41.Bd5 Qd7 42.Qxd7 Rxd7 43.Bc6 Rc7
44.Bxb5 Rb7 45.Bc4 Rxb4 46.Bb3 Kf8 47.Kf3 Ke7 48.Ke4 Rb5 49.Kf3 Rc5 50.Ke2 Rc3
51.Bd1 Rxd3 52.Kxd3  1/2-1/2

[Event "Elista ol (Men)"]
[Site "Elista"]
[Date "1998.10.11"]
[Round "12"]
[White "Smith, Robert W"]
[Black "Ismail, Ahmad"]
[Result "1/2-1/2"]
[WhiteElo "2310"]
[BlackElo "2040"]

1.Nf3 d5 2.g3 Nf6 3.Bg2 e6 4.O-O Be7 5.d3 O-O 6.Nbd2 c5 7.e4 d4 8.Qe2 Nc6
9.e5 Nd5 10.Re1 b6 11.h4 Bb7 12.Nf1 h6 13.N1h2 Re8 14.Ng4 Bf8 15.h5 Rc8 16.Nh4 Be7
17.Nxh6+ gxh6 18.Bxh6 Kh8 19.Qf3 Bxh4 20.Qxf7 Bf6 21.exf6 Qxf6 22.Qxb7 Qxh6
23.Qf7 Re7 24.Qf3 Rf8 25.Qg4 Ncb4 26.Re2 Nf6 27.Qh3 Qxh5 28.a3 Qxh3 29.Bxh3 Nbd5
30.Bxe6 Nc7 31.Bg4 Rfe8 32.Rxe7 Rxe7 33.Bf3 Kg7 34.Kf1 Nce8 35.Re1 Rxe1+
36.Kxe1 Nd6 37.Kd2 Kg6 38.Bc6 Kg5 39.Bf3 Ng4 40.Ke2 c4 41.Bd5 b5 42.Be6 a5
43.f4+ Kh5 44.c3 dxc3 45.bxc3 Nf6 46.Ke3 cxd3 47.Kxd3 Nfe4 48.g4+ Kg6 49.Kd4 Kf6
50.Bd5 Nf2 51.g5+ Ke7 52.g6 Nf5+ 53.Ke5 Ng7 54.Bc6 b4 55.cxb4 axb4 56.axb4 Nd3+
57.Kd4 Nxb4 58.Be4 Na6 59.Ke5 Nc5 60.f5 Nxe4 61.Kxe4 Kf6  1/2-1/2

[Event "Oberliga Sued W9899"]
[Site "Wuertemberg"]
[Date "1998.10.11"]
[Round "1"]
[White "Roth, Juergen"]
[Black "Steiger, Wolfgang"]
[Result "0-1"]
[WhiteElo "2280"]
[BlackElo "2325"]

1.g3 d5 2.Nf3 Nf6 3.Bg2 c6 4.O-O g6 5.b3 Bg7 6.Bb2 O-O 7.d3 a5 8.a3 Na6 9.Nbd2 Nc5
10.c4 Bf5 11.Qc2 Rc8 12.b4 Na6 13.Bc3 axb4 14.axb4 Ne8 15.Bxg7 Nxg7 16.Qb2 Re8
17.b5 Nc5 18.bxc6 bxc6 19.Qb4 Nd7 20.cxd5 cxd5 21.Nd4 Nf6 22.e4 Rb8 23.Qc5 Ne6
24.Nxe6 Bxe6 25.e5 Nd7 26.Qc3 Qc8 27.Qxc8 Rexc8 28.d4 Rb4 29.Nf3 Bg4 30.Ra7 Rc3
31.Ng5 h6 32.e6 fxe6 33.Rxd7 hxg5 34.Rxe7 Kf8 35.Rh7 Rbc4 36.h3 Bf5 37.g4 Bd3
38.Re1 Rc1 39.Rxc1 Rxc1+ 40.Kh2 Rc4 41.Kg3 Rxd4 42.Ra7 Bb5 43.Rb7 Bc4 44.h4 gxh4+
45.Kxh4 Rd2 46.Kg3 g5 47.Rh7 Rd3+ 48.Kh2 Rc3 49.Rc7 d4 50.Be4 Bd5 51.Rxc3 dxc3
52.Bc2 e5 53.Kg3 e4 54.Kg2 Ke7 55.Kf1 Bc4+ 56.Ke1 Bd3  0-1

[Event "Elista ol (Men)"]
[Site "Elista"]
[Date "1998.10.12"]
[Round "13"]
[White "Dizdarevic, Emir"]
[Black "Shovunov, Baatr"]
[Result "0-1"]
[WhiteElo "2530"]
[BlackElo "2470"]

1.Nf3 d5 2.g3 Nf6 3.Bg2 Nbd7 4.O-O e6 5.d3 Be7 6.Nbd2 c6 7.e4 dxe4 8.dxe4 Qc7
9.Qe2 e5 10.b3 O-O 11.Bb2 Ne8 12.h4 f6 13.h5 Nc5 14.Nh4 Nd6 15.Bf3 a5 16.Bg4 Bxg4
17.Qxg4 Qd7 18.Qxd7 Nxd7 19.a4 Rfd8 20.Rfd1 b5 21.f3 Nc5 22.Kf1 Kf7 23.Bc3 Ndb7
24.Ke2 Ne6 25.Nf1 Bc5 26.Bb2 Bd4 27.c3 Bb6 28.Ba3 b4 29.cxb4 Nd4+ 30.Rxd4 Bxd4
31.Rc1 axb4 32.Bxb4 c5 33.Nd2 Rdc8 34.Bc3 Nd6 35.Nf5 Nxf5 36.exf5 Rab8 37.Kd3 Ke7
38.g4 Rd8 39.Rh1 h6 40.Kc2 Bxc3 41.Kxc3 Rd5 42.Re1 Rbd8 43.Re2 Rd4 44.Kc2 Kd7
45.Nc4 Kc7 46.Re3 Rd1 47.Nb2 Rf1 48.Nc4 Rf2+ 49.Kc1 Rd4 50.Rc3 e4 51.fxe4 Rxe4
52.Ne3 Kc6 53.Kd1 Rb2 54.Ke1 Ra2 55.Kd1 Kd6 56.Kc1 Re2 57.Nc4+ Kd5 58.a5 Kd4
59.Rg3 Ra2 60.Kd1 Ree2 61.Rf3 Rg2 62.Rf4+ Kc3 63.Rf3+ Kb4  0-1

[Event "New York Manhattan"]
[Site "New York"]
[Date "1998.10.12"]
[Round "5"]
[White "Vulicevic, Nenad"]
[Black "Waitzkin, Joshua"]
[Result "0-1"]
[WhiteElo "2370"]
[BlackElo "2480"]

1.Nf3 d5 2.g3 c6 3.b3 Bg4 4.Bg2 Nd7 5.Bb2 Ngf6 6.d3 e6 7.Nbd2 Be7 8.O-O O-O
9.h3 Bh5 10.e4 a5 11.a3 a4 12.b4 c5 13.bxc5 Nxc5 14.g4 Bg6 15.Ne5 dxe4 16.Nxg6 hxg6
17.dxe4 Qc7 18.Qe2 Rac8 19.Rab1 e5 20.Qb5 Rfe8 21.Rfd1 Bf8 22.Ba1 Re6 23.g5 Nh5
24.Bf3 Ree8 25.Nf1 Nf4 26.h4 f6 27.gxf6 gxf6 28.Ng3 Nce6 29.Qxa4 Ra8 30.Qd7 Qxc2
31.Bg4 Rxa3 32.Rb2 Qc5 33.Kh2 Re7 34.Bxe6+ Nxe6 35.Qd5 Qa7 36.Nf5 gxf5 37.Rg1+ Kh8
38.exf5  0-1